<?xml version="1.0" encoding="UTF-8"?>
<record
    xmlns:xsi="http://www.w3.org/2001/XMLSchema-instance"
    xsi:schemaLocation="http://www.loc.gov/MARC21/slim http://www.loc.gov/standards/marcxml/schema/MARC21slim.xsd"
    xmlns="http://www.loc.gov/MARC21/slim">

  <leader>03439njm a2200517Ia 4500</leader>
  <controlfield tag="001">B7152</controlfield>
  <controlfield tag="003">IT-RoPAU</controlfield>
  <controlfield tag="005">20220918181115.0</controlfield>
  <controlfield tag="008">131025s9999    xx            000 0 und d</controlfield>
  <datafield tag="040" ind1=" " ind2=" ">
    <subfield code="a">IT-RoPAU</subfield>
  </datafield>
  <datafield tag="040" ind1=" " ind2=" ">
    <subfield code="c">IT-RoPAU</subfield>
  </datafield>
  <datafield tag="999" ind1=" " ind2=" ">
    <subfield code="c">99305</subfield>
    <subfield code="d">99305</subfield>
  </datafield>
  <datafield tag="999" ind1=" " ind2=" ">
    <subfield code="b">n.d.</subfield>
  </datafield>
  <datafield tag="100" ind1=" " ind2=" ">
    <subfield code="a">AA.VV.</subfield>
    <subfield code="9">794</subfield>
  </datafield>
  <datafield tag="100" ind1=" " ind2=" ">
    <subfield code="e">Autore musica</subfield>
    <subfield code="9">29214</subfield>
  </datafield>
  <datafield tag="100" ind1=" " ind2=" ">
    <subfield code="g">Codice autore musica SPICS: 12000</subfield>
    <subfield code="9">796</subfield>
  </datafield>
  <datafield tag="245" ind1=" " ind2=" ">
    <subfield code="a">Bud Powell</subfield>
  </datafield>
  <datafield tag="250" ind1=" " ind2=" ">
    <subfield code="a">2a ed.</subfield>
  </datafield>
  <datafield tag="260" ind1=" " ind2=" ">
    <subfield code="a">MILANO</subfield>
  </datafield>
  <datafield tag="260" ind1=" " ind2=" ">
    <subfield code="b">RUSCONI</subfield>
    <subfield code="c">1993 [1a Ed.:0]</subfield>
  </datafield>
  <datafield tag="300" ind1=" " ind2=" ">
    <subfield code="a">COMPACT DISC</subfield>
  </datafield>
  <datafield tag="300" ind1=" " ind2=" ">
    <subfield code="c">62 minuti (Testo: 0 pag.)</subfield>
  </datafield>
  <datafield tag="500" ind1=" " ind2=" ">
    <subfield code="a">Musica jazz. Cd fuori commercio allegato al n. 5 1993 della rivista "Musica jazz".</subfield>
  </datafield>
  <datafield tag="505" ind1=" " ind2=" ">
    <subfield code="a">All God's Chillun Got Rhythm (New York, 25 dicembre 1949) (3:00)] - Move [(New York, 25 dicembre 1949) (6:00)] - Hot House [(New York, 25 dicembre 1949) (8:00)] - Confirmation [(Parigi, 12 marzo 1960) (3:00)] -John's Abbey [(Parigi, 14 ottobre 1960) (5:00)] - Buttercup [(Parigi, 14 ottobre 1960) (6:00)] - Sweet and Lovely [(Parigi, 14 ottobre 1960) (4:00)] - Crossing the Channel [(Parigi, 14 ottobre 1960) (5:00)] - Yesterdays [(Milano, 21 aprile 1961) (5:00)] - Move [(Milano, 21 aprile 1961) (6:00)] - Shaw 'Nuff [(Essen, 14 aprile 1961) (4:00)] - Blues In the Closet [(Essen, 14 aprile 1961) (6:00)] - I Remember Clifford [(Comblain La Tour, luglio 1961) (5:00)] -</subfield>
  </datafield>
  <datafield tag="511" ind1=" " ind2=" ">
    <subfield code="a">Powell Bud: p; Russell Curley: cb; Roach Max: batt</subfield>
  </datafield>
  <datafield tag="511" ind1=" " ind2=" ">
    <subfield code="a">Davis Miles: tr; Green Benny: trne; Stitt Sonny: alto; Chalof Serge: bar; Powell Bud: p; Russell Curley: cb; Roach Max: batt</subfield>
  </datafield>
  <datafield tag="511" ind1=" " ind2=" ">
    <subfield code="a">Powell Bud: p; Michelot Pierre: cb; Clarke Kenny: batt</subfield>
  </datafield>
  <datafield tag="511" ind1=" " ind2=" ">
    <subfield code="a">Wilen Barney: ten, sop; Powell Bud: p; Hess Jacques: cb; Taylor Art: batt</subfield>
  </datafield>
  <datafield tag="511" ind1=" " ind2=" ">
    <subfield code="a">Powell Bud: p; Quersei Benoit: cb; Bourguignon Joe: batt</subfield>
  </datafield>
  <datafield tag="650" ind1=" " ind2=" ">
    <subfield code="a">JAZZ [COMPACT DISC]</subfield>
    <subfield code="e">Codice MATERIA SPICS: 9949</subfield>
    <subfield code="9">11822</subfield>
  </datafield>
  <datafield tag="700" ind1=" " ind2=" ">
    <subfield code="a">Powell Bud</subfield>
    <subfield code="g">Codice interprete SPICS: 10500</subfield>
    <subfield code="e">Interprete</subfield>
    <subfield code="9">29215</subfield>
  </datafield>
  <datafield tag="700" ind1=" " ind2=" ">
    <subfield code="a">Kaper Bronislaw</subfield>
    <subfield code="g">Codice autore musica SPICS: 15799</subfield>
    <subfield code="e">Autore musica</subfield>
    <subfield code="p">All God's Chillun Got Rhythm</subfield>
    <subfield code="9">29217</subfield>
  </datafield>
  <datafield tag="700" ind1=" " ind2=" ">
    <subfield code="a">Jurmann W.</subfield>
    <subfield code="g">Codice autore SPICS: 38900</subfield>
    <subfield code="e">Autore</subfield>
    <subfield code="p">All God's Chillun Got Rhythm</subfield>
    <subfield code="9">29218</subfield>
  </datafield>
  <datafield tag="700" ind1=" " ind2=" ">
    <subfield code="a">Kahn Gus</subfield>
    <subfield code="g">Codice autore testo/musica SPICS: 25654</subfield>
    <subfield code="e">Autore testo/musica</subfield>
    <subfield code="p">All God's Chillun Got Rhythm</subfield>
    <subfield code="9">29219</subfield>
  </datafield>
  <datafield tag="700" ind1=" " ind2=" ">
    <subfield code="a">Best Denzil</subfield>
    <subfield code="g">Codice autore musica SPICS: 24586</subfield>
    <subfield code="e">Autore musica</subfield>
    <subfield code="p">Move - Move</subfield>
    <subfield code="9">29220</subfield>
  </datafield>
  <datafield tag="700" ind1=" " ind2=" ">
    <subfield code="a">Dameron Tadd</subfield>
    <subfield code="g">Codice autore musica SPICS: 10526</subfield>
    <subfield code="e">Autore musica</subfield>
    <subfield code="p">Hot House</subfield>
    <subfield code="9">29221</subfield>
  </datafield>
  <datafield tag="700" ind1=" " ind2=" ">
    <subfield code="a">Parker Charlie (B.)</subfield>
    <subfield code="g">Codice autore musica SPICS: 10799</subfield>
    <subfield code="e">Autore musica</subfield>
    <subfield code="p">Confirmation</subfield>
    <subfield code="9">29222</subfield>
  </datafield>
  <datafield tag="700" ind1=" " ind2=" ">
    <subfield code="a">Powell Bud</subfield>
    <subfield code="g">Codice autore musica SPICS: 10500</subfield>
    <subfield code="e">Autore musica</subfield>
    <subfield code="p">John's Abbey - Buttercup - Crossing the Channel</subfield>
    <subfield code="9">29223</subfield>
  </datafield>
  <datafield tag="700" ind1=" " ind2=" ">
    <subfield code="a">Arnheim</subfield>
    <subfield code="g">Codice autore musica SPICS: 21463</subfield>
    <subfield code="e">Autore musica</subfield>
    <subfield code="p">Sweet and Lovely</subfield>
    <subfield code="9">29224</subfield>
  </datafield>
  <datafield tag="700" ind1=" " ind2=" ">
    <subfield code="a">Tobias</subfield>
    <subfield code="g">Codice autore SPICS: 27926</subfield>
    <subfield code="e">Autore</subfield>
    <subfield code="p">Sweet and Lovely</subfield>
    <subfield code="9">29225</subfield>
  </datafield>
  <datafield tag="700" ind1=" " ind2=" ">
    <subfield code="a">Lamare</subfield>
    <subfield code="g">Codice autore testo/musica SPICS: 38901</subfield>
    <subfield code="e">Autore testo/musica</subfield>
    <subfield code="p">Sweet and Lovely</subfield>
    <subfield code="9">29226</subfield>
  </datafield>
  <datafield tag="700" ind1=" " ind2=" ">
    <subfield code="a">Kern Jerome</subfield>
    <subfield code="g">Codice autore musica SPICS: 10779</subfield>
    <subfield code="e">Autore musica</subfield>
    <subfield code="p">Yesterdays</subfield>
    <subfield code="9">29227</subfield>
  </datafield>
  <datafield tag="700" ind1=" " ind2=" ">
    <subfield code="a">Gillespie Dizzy</subfield>
    <subfield code="g">Codice autore musica SPICS: 10777</subfield>
    <subfield code="e">Autore musica</subfield>
    <subfield code="p">Shaw 'Nuff</subfield>
    <subfield code="9">29228</subfield>
  </datafield>
  <datafield tag="700" ind1=" " ind2=" ">
    <subfield code="a">Pettiford Oscar</subfield>
    <subfield code="g">Codice autore musica SPICS: 16168</subfield>
    <subfield code="e">Autore musica</subfield>
    <subfield code="p">Blues In the Closet</subfield>
    <subfield code="9">29229</subfield>
  </datafield>
  <datafield tag="700" ind1=" " ind2=" ">
    <subfield code="a">Golson Benny</subfield>
    <subfield code="g">Codice autore musica SPICS: 28243</subfield>
    <subfield code="e">Autore musica</subfield>
    <subfield code="p">I Remember Clifford</subfield>
    <subfield code="9">29230</subfield>
  </datafield>
  <datafield tag="942" ind1=" " ind2=" ">
    <subfield code="c">CD</subfield>
    <subfield code="2">ddc</subfield>
  </datafield>
  <datafield tag="952" ind1=" " ind2=" ">
    <subfield code="0">0</subfield>
    <subfield code="1">0</subfield>
    <subfield code="4">0</subfield>
    <subfield code="6">B_7152_000000000000000</subfield>
    <subfield code="7">1</subfield>
    <subfield code="a">SPICS</subfield>
    <subfield code="b">SPICS</subfield>
    <subfield code="d">2013-10-25</subfield>
    <subfield code="l">0</subfield>
    <subfield code="o">B7152</subfield>
    <subfield code="r">2013-10-25 00:00:00</subfield>
    <subfield code="w">2013-10-25</subfield>
    <subfield code="y">CD</subfield>
    <subfield code="z">Progr. Ins.: 813 / N.Vol.: 1 / Copie: 1 - Copia rara: n.d. / date import: 01.01.2014 - By Epidotti, Trombetti, Vaglietti</subfield>
  </datafield>
</record>
